000 00998nas a2200301 4500
001 BR2013008078
003 BR-BrBNA
005 20231205123057.0
007 ta
008 230509b bl.|||p| |||| 00| 00por d
040 _aBR-BrBNA
_bpor
_cBiblioteca Nacional de Agricultura
041 _a(Pt)
072 _aL02
100 1 _aLaguna, J.G.
100 1 _aRodrigues, A.N.
100 1 _aSaturnino, H.M.
100 1 _aRuas, J.R.M.
100 1 _aCoelho, S.G.
100 1 _aReis, R.B.
245 1 _aAlimentação de vacas F1 Holandês x Zebu com suplementos nitrogenados e monensina sódica: avaliação do consumo, parâmetros ruminais e produção de leite
650 _aVACA
650 _aCONSUMO ALIMENTAR
650 _aSUPLEMENTO ALIMENTAR
650 _aRUMINAÇÃO
773 0 _tArquivo Brasileiro de Medicina Veterinária e Zootecnia (Brazil)
_xISSN 0102-0935
_g(Jul 2013), v. 65(3) p. 841-846
_wBR2013008078
909 _a202311
_bLúcia
_c55
_dLúcia Elande
942 _2AGRIS
_n0
_cANA
999 _c232065
_d232065